MARC details
| 000 -CABECERA |
| campo de control de longitud fija |
01991nam a2200397 i 4500 |
| 001 - NÚMERO DE CONTROL |
| campo de control |
000039354 |
| 003 - IDENTIFICADOR DEL NÚMERO DE CONTROL |
| campo de control |
DO-SdBNP |
| 005 - FECHA Y HORA DE LA ÚLTIMA TRANSACCIÓN |
| campo de control |
20250918104915.0 |
| 007 - CAMPO FIJO DE DESCRIPCIÓN FÍSICA--INFORMACIÓN GENERAL |
| campo de control de longitud fija |
ta |
| 008 - DATOS DE LONGITUD FIJA--INFORMACIÓN GENERAL |
| campo de control de longitud fija |
090709s2003 dr a 000 0 spa d |
| 040 ## - FUENTE DE LA CATALOGACIÓN |
| Centro catalogador/agencia de origen |
DO-SdBNP |
| Lengua de catalogación |
spa |
| Centro/agencia transcriptor |
BNPHU |
| Normas de descripción |
rda |
| 082 #4 - NÚMERO DE LA CLASIFICACIÓN DECIMAL DEWEY |
| Número de clasificación |
304.6097293 |
| Número de documento/Ítem |
R426e, 2003 |
| Número de edición |
22 |
| 245 00 - MENCIÓN DE TÍTULO |
| Título |
República Dominicana : |
| Resto del título |
encuesta demográfica y de salud 2002 / |
| Mención de responsabilidad, etc. |
dirección, Maritza Molina Achécar. |
| 264 #1 - PRODUCCIÓN, PUBLICACIÓN, DISTRIBUCIÓN, FABRICACIÓN Y COPYRIGHT |
| Producción, publicación, distribución, fabricación y copyright |
Santo Domingo : |
| Nombre del de productor, editor, distribuidor, fabricante |
Secretaría de Estado de Salud Pública y Asistencia Social : |
| -- |
CRESS, |
| Fecha de producción, publicación, distribución, fabricación o copyright |
2003. |
| 300 ## - DESCRIPCIÓN FÍSICA |
| Extensión |
xxxii, 507 páginas : |
| Otras características físicas |
ilustraciones ; |
| Dimensiones |
28 cm. |
| 336 ## - TIPO DE CONTENIDO |
| Término de tipo de contenido |
texto |
| Código de tipo de contenido |
txt |
| Fuente |
rdacontent |
| 337 ## - TIPO DE MEDIO |
| Nombre/término del tipo de medio |
sin mediación |
| Código del tipo de medio |
n |
| Fuente |
rdamedia |
| 338 ## - TIPO DE SOPORTE |
| Nombre/término del tipo de soporte |
volumen |
| Código del tipo de soporte |
nc |
| Fuente |
rdacarrier |
| 590 ## - NOTA LOCAL (RLIN) |
| Nota local |
Inventariado, 2018/BT |
| 650 #0 - PUNTO DE ACCESO ADICIONAL DE MATERIA--TÉRMINO DE MATERIA |
| Término de materia o nombre geográfico como elemento de entrada |
Fertilidad humana |
| Subdivisión geográfica |
República Dominicana |
| Subdivisión general |
Estadísticas |
| Subdivisión cronológica |
2002 |
| 9 (RLIN) |
13543 |
| 650 #4 - PUNTO DE ACCESO ADICIONAL DE MATERIA--TÉRMINO DE MATERIA |
| Término de materia o nombre geográfico como elemento de entrada |
Control natal |
| Subdivisión geográfica |
República Dominicana |
| Subdivisión general |
Estadísticas |
| Subdivisión cronológica |
2002 |
| 9 (RLIN) |
65550 |
| 650 #4 - PUNTO DE ACCESO ADICIONAL DE MATERIA--TÉRMINO DE MATERIA |
| Término de materia o nombre geográfico como elemento de entrada |
Anticoncepción |
| Subdivisión geográfica |
República Dominicana |
| Subdivisión general |
Estadísticas |
| Subdivisión cronológica |
2002 |
| 9 (RLIN) |
65551 |
| 650 #4 - PUNTO DE ACCESO ADICIONAL DE MATERIA--TÉRMINO DE MATERIA |
| Término de materia o nombre geográfico como elemento de entrada |
Mortalidad infantil |
| Subdivisión geográfica |
República Dominicana |
| Subdivisión general |
Estadísticas |
| Subdivisión cronológica |
2002 |
| 9 (RLIN) |
65552 |
| 650 #4 - PUNTO DE ACCESO ADICIONAL DE MATERIA--TÉRMINO DE MATERIA |
| Término de materia o nombre geográfico como elemento de entrada |
Mortalidad materna |
| Subdivisión geográfica |
República Dominicana |
| Subdivisión general |
Estadísticas |
| Subdivisión cronológica |
2002 |
| 9 (RLIN) |
65553 |
| 650 #4 - PUNTO DE ACCESO ADICIONAL DE MATERIA--TÉRMINO DE MATERIA |
| Término de materia o nombre geográfico como elemento de entrada |
Enfermedades de transmisión sexual |
| Subdivisión geográfica |
República Dominicana |
| Subdivisión general |
Estadísticas |
| Subdivisión cronológica |
2002 |
| 9 (RLIN) |
65554 |
| 650 #0 - PUNTO DE ACCESO ADICIONAL DE MATERIA--TÉRMINO DE MATERIA |
| Término de materia o nombre geográfico como elemento de entrada |
SIDA (Enfermedad) |
| Subdivisión geográfica |
República Dominicana |
| Subdivisión general |
Estadísticas |
| Subdivisión cronológica |
2002 |
| 9 (RLIN) |
52709 |
| 651 #4 - PUNTO DE ACCESO ADICIONAL DE MATERIA--NOMBRE GEOGRÁFICO |
| Nombre geográfico |
República Dominicana |
| Subdivisión general |
Población |
| -- |
Estadísticas |
| Subdivisión cronológica |
2002 |
| 9 (RLIN) |
65556 |
| 700 1# - PUNTO DE ACCESO ADICIONAL--NOMBRE DE PERSONA |
| Nombre de persona |
Molina Achécar, Maritza, |
| Término indicativo de función/relación |
director |
| 9 (RLIN) |
10841 |
| 710 1# - PUNTO DE ACCESO ADICIONAL--NOMBRE DE ENTIDAD CORPORATIVA |
| Nombre de entidad corporativa o nombre de jurisdicción como elemento de entrada |
República Dominicana. |
| Unidad subordinada |
Secretaria de Estado de Salud Pública |
| 9 (RLIN) |
65557 |
| 710 2# - PUNTO DE ACCESO ADICIONAL--NOMBRE DE ENTIDAD CORPORATIVA |
| Nombre de entidad corporativa o nombre de jurisdicción como elemento de entrada |
Centro de Estudios Sociales y Demográficos (República Dominicana) |
| 9 (RLIN) |
54618 |
| 710 2# - PUNTO DE ACCESO ADICIONAL--NOMBRE DE ENTIDAD CORPORATIVA |
| Nombre de entidad corporativa o nombre de jurisdicción como elemento de entrada |
Asociación Dominicana Pro Bienestar de la Familia |
| 9 (RLIN) |
56602 |
| 710 2# - PUNTO DE ACCESO ADICIONAL--NOMBRE DE ENTIDAD CORPORATIVA |
| Nombre de entidad corporativa o nombre de jurisdicción como elemento de entrada |
Oficina Nacional de Planificación (República Dominicana) |
| 9 (RLIN) |
10843 |
| 710 2# - PUNTO DE ACCESO ADICIONAL--NOMBRE DE ENTIDAD CORPORATIVA |
| Nombre de entidad corporativa o nombre de jurisdicción como elemento de entrada |
Comisión Ejecutiva para la Reforma del Sector Salud (República Dominicana) |
| 9 (RLIN) |
65558 |
| 910 ## - DATOS DE OPCIÓN DEL USUARIO (OCLC) |
| Datos de opción del usuario |
Validado. Control de calidad. MFF |
| 942 ## - ELEMENTOS DE PUNTO DE ACCESO ADICIONAL (KOHA) |
| Fuente del sistema de clasificación o colocación |
Dewey Decimal Classification |
| Tipo de ítem Koha |
Libro |